Marvel and DC films by rotten tomatoes rating - Statistics

General Stats
  • This quiz has been taken 10 times
  • The average score is 30 of 83
Answer Stats
Hint Answer % Correct
11%- 2005 Elektra
86%
96%- 2018 Black Panther
71%
47%- 2021 Eternals
71%
94%- 2008 Iron Man
71%
93%- 2021 Spider-Man: No Way Home
71%
77%- 2011 Thor
71%
93%- 2017 Wonder Woman
71%
94%- 2019 Avengers: Endgame
57%
29%- 2016 Batman V Superman: Dawn of Justice
57%
79%- 2011 Captain America: The First Avenger
57%
79%- 2019 Captain Marvel
57%
9%- 2015 Fantastic Four
57%
92%- 2014 Guardians of the Galaxy
57%
72%- 2010 Iron Man 2
57%
79%- 2013 Iron Man 3
57%
90%- 2019 Spider-Man: Far From Home
57%
92%- 2017 Spider-Man: Homecoming
57%
91%- 2012 The Avengers
57%
94%- 2008 The Dark Knight
57%
93%- 2017 Thor: Ragnarok
57%
83%- 2015 Ant-Man
43%
65%- 2018 Aquaman
43%
76%- 2015 Avengers: Age of Ultron
43%
84%- 2005 Batman Begins
43%
79%- 2021 Black Widow
43%
90%- 2014 Captain America- The Winter Soldier
43%
9%- 2004 Catwoman
43%
89%- 2016 Doctor Strange
43%
85%- 2017 Guardians of the Galaxy Vol. 2
43%
39%- 2017 Justice League
43%
94%- 2017 Logan
43%
56%- 2013 Man of Steel
43%
90%- 2002 Spider-Man
43%
93%- 2004 Spider-Man 2
43%
97%- 2018 Spider-Man: into the Spider-Verse
43%
26%- 2016 Suicide Squad
43%
85%- 2022 The Batman
43%
87%- 2012 The Dark Knight Rises
43%
67%- 2008 The Incredible Hulk
43%
66%- 2013 Thor: The Dark World
43%
87%- 2018 Ant-Man and the Wasp
29%
85%- 2018 Avengers: Infinity War
29%
90%- 2016 Captain America: Civil War
29%
85%- 2016 Deadpool
29%
74%- 2022 Doctor Strange in the Multiverse of Madness
29%
18%- 2011 Ghost Rider: Spirit of Vengeance
29%
26%- 2011 Green Lantern
29%
12%- 2010 Jonah Hex
29%
16%- 2022 Morbius
29%
91%- 2021 Shang-Chi and the Legend of the Ten Rings
29%
90%- 2019 Shazam!
29%
63%- 2007 Spider-Man 3
29%
74%- 2006 Superman Returns
29%
29%- 2004 The Punisher
29%
90%- 2021 The Suicide Squad
29%
66%- 2022 Thor: Love and Thunder
29%
85%- 2003 X2
29%
82%- 2000 X-Men
29%
57%- 2006 X-Men: The Last Stand
29%
90%- 2014 Big Hero 6
14%
79%- 2020 Birds of Prey
14%
46%- 2005 Constantine
14%
43%- 2003 Daredevil
14%
22%- 2019 Dark Phoenix
14%
84%- 2018 Deadpool 2
14%
28%- 2005 Fantastic Four
14%
37% 2007 Fantastic Four: Rise of the Silver Surfer
14%
26%- 2007 Ghost Rider
14%
62%- 2003 Hulk
14%
68%- 2019 Joker
14%
29%- 2008 Punisher: War Zone
14%
72%- 2012 The Amazing Spider-Man
14%
51%- 2014 The Amazing Spider-Man 2
14%
35%- 2020 The New Mutants
14%
71%- 2013 The Wolverine
14%
30%- 2018 Venom
14%
58%- 2021 Venom: Let There Be Carnage
14%
65%- 2009 Watchmen
14%
58%- 2020 Wonder Woman 1984
14%
46%- 2016 X-Men: Apocalypse
14%
90%- 2014 X-Men: Days of Future Past
14%
86%- 2011 X-Men: First Class
14%
38%- 2009 X-Men Origins: Wolverine
14%
No matching quizzes found
Score Distribution
Percent of People with Each Score
Percentile by Number Answered
Your Score History
You have not taken this quiz